000 00410nam a2200181Ia 4500
001 2000
005 20260306143810.0
008 260306t1999||||xx |||||||||||||| ||spa||
041 _aESP
082 _aS 610.1
_bU61
100 _aCervantes, Ishiyama
_eAUT
245 0 _aFilosofĂ­a de la medicina II
260 _c1999
300 _a
_c21 cm.
650 _aGEN
654 _aCPS
942 _cLIB
_dJUS
_fJUS
_2ddc
_n
999 _c2000
_d2000